Statistics for Most common given names in Hungary

Click here to take the quiz!

General Stats

  • This quiz has been taken 39 times
  • The average score is 24 of 60

Answer Stats

HintAnswer% Correct
4JJános
82%
1MMária
76%
18GyGyörgy
76%
5ZZoltán
73%
8FFerenc
70%
1LLászló
70%
6AAnna
67%
11TTamás
67%
10PPéter
67%
2IIstván
64%
12ZsZsolt
64%
24KKároly
58%
6SSándor
58%
3KKatalin
55%
3JJózsef
55%
7ZsZsuzsanna
55%
17EEszter
52%
5IIlona
52%
29MMiklós
52%
20GyGyula
52%
25DDániel
48%
17LLajos
48%
7GGábor
48%
9AAttila
48%
22DDávid
45%
21RRóbert
45%
15CsCsaba
45%
14AAndrás
45%
2EErzsébet
42%
16IImre
42%
30BBence
39%
27BBéla
39%
26AÁdám
36%
19BBalázs
36%
26MMárta
36%
12IIldikó
33%
13TTibor
33%
4EÉva
30%
15KKrisztina
30%
23MMihály
30%
21GGabriella
30%
9JJudit
27%
24VViktória
27%
20EEdit
24%
25AAnikó
24%
13EErika
24%
11AAndrea
21%
8MMargit
18%
22SzSzilvia
18%
10AÁgnes
18%
14JJulianna
18%
23AAnita
18%
28PPiroska
18%
16IIrén
18%
18MMónika
15%
28KKrisztián
12%
19MMagdolna
9%
30IIbolya
6%
27TTímea
6%
29RRozália
3%

Score Distribution

Percentile by Number Answered

Percent of People with Each Score

Your Score History

You have not taken this quiz